LEADER 01444nam a2200253 a 4500 001 000000140962 003 CaOOAMICUS 005 20141215155844.0 008 141215s1839 gw u000 u lat r 040 $aPUL$bita 245 00$aCanones et decreta Sacrosancti Oecumenici Concilii Tridentini, sub Paulo III Iulio III et Pio IV Pontificibus Maximis. Cum Patrum subscriptionibus . 260 $aLipsiae :$bsumtibus Bernh. Tauchnitz jun.,$c1839. 300 $aviii p., 196 col. ;$c29 cm 500 $aContiene indici. 611 24$aConcilium Tridentinum$d(1545-1563)$xFonti.$0(OLS)http://pul/subject/38327 662 $aGermania$dLipsia.$0(OLS)http://pul/subject/35206 710 0 $aTauchnitz, Bernhard,$d1816-1895$4pbl.$0(OLS)http://pul/name/90794 850 $aPUL 852 $aPUL$W1$xDP1 Antico 800$y27$m833 E 37 int.2$j162722$qStampati Antico$B162371$CPULBib$Z2$F162371 $82 941 1 $a15 961 $aTimbri. Bibliotheca privata Sem. Rom. Pont. Rilegato con an 73135: "Corpus Juris Canonici..."; in fine rilegato con una p.14 probabilmente di altra edizione "Pars altera complectens varia ad Concilium Tridentinum spectantia". 996 $6245$aCanones et decreta Sacrosancti Oecumenici Concilii Tridentini, sub Paulo III Iulio III et Pio IV Pontificibus Maximis. Cum Patrum subscriptionibus $9(OLS)http://pul/title/178356 996 $6260$aLipsiae :$bsumtibus Bernh. Tauchnitz jun.$9(OLS)http://pul/publisher/74257 LEADER 01107nam a2200253 a 4500 001 000000144049 003 CaOOAMICUS 005 20150612110500.0 008 150612s1978 it u000 u ita r 040 $aPUL$bita 100 1 $aQuaranta, Giancarlo.$0(OLS)http://pul/name/42356 245 13$aLa politica della cultura :$bmanifesto della rivoluzione culturale /$cGiancarlo Quaranta ; con interventi di Italo Mancini ... [et al.]. 260 $aBologna :$bEDB,$cİ1978. 300 $a141 p. ;$c22 cm 490 1 $aOggi e domani ;$v11 651 4$aItalia$xCultura$ySec. XX.$0(OLS)http://pul/subject/33370 700 1 $aMancini, Italo,$d1925-1993.$0(OLS)http://pul/name/5319 830 0$aOggi e domani ;$v11.$0(OLS)http://pul/title/38868 850 $aPUL 852 $aPUL$W1$xDP1 Fondo S. Lanza$y121$m3 B 98.11$j166103$qFondi$B166605$CPULBib$Z2$F166605 $HLan1991 $82 941 1 $a1 996 $6245$aLa politica della cultura :$bmanifesto della rivoluzione culturale$9(OLS)http://pul/title/182233 996 $6260$aBologna :$bEDB$9(OLS)http://pul/publisher/56073